00399nam a2200157Ia 45000010006000000050017000060080041000230410008000640820018000721000032000902450060001222600009001823000034001916500008002256540008002331578320260306170221.0260306t2015||||xx |||||||||||||| ||und|| aESP a620.0046bT72 aTorres, Leandro DanieleAUT 0aGestión integral de activos físicos y mantenimiento c2015 axiii, 498 páginas :c23 cm. aGEN aCII